Europa Zachodnia - migracja i problemy tolerancji
Uložené v:
| Hlavný autor: | |
|---|---|
| Médium: | Kapitola |
| Jazyk: | Polish |
| Tagy: |
Žiadne tagy, Buďte prvý, kto otaguje tento záznam!
|
MARC
| LEADER | 00000naa$a2200000$$$4500 | ||
|---|---|---|---|
| 001 | 0060601 | ||
| 005 | 20240502083144.4 | ||
| 041 | 0 | |a pol | |
| 044 | |a PL | ||
| 245 | 1 | 0 | |a Europa Zachodnia - migracja i problemy tolerancji |c Ján Liďák |
| 100 | 1 | |a Liďák, Ján | |